000 00678nam a22002057a 4500
999 _c9129
_d9129
003 AR-CdUCM
008 190327b ||||| |||| 00| 0 spa d
040 _aMUNICIPALIDAD PROVINCIAL DEL CUSCO
_cBIBLIOTECA MUNICIPAL DEL CUSCO
082 _a861.41 /
_bT77
100 _aTokunaga, N.
_925151
245 _aLa calle sin sol :
_bNovela japonesa /
260 _aBuenos Aires :
_bFuturo,
_c1943.
300 _a236 páginas ;
_c19 cm.
505 _aContenido : La calle -- Dos campamentos -- Puestos de combate -- El frente -- El asalto -- Bajo el yugo ...
650 _aNovela
_95
650 _aLiteratura
_983
650 _aUniversal
_918236
942 _2ddc
_cLIBROS
945 _arah